000 00726nam a2200205 a 4500
001 BRCA_9115
005 20190320210527.0
008 051017s1670----sp-#######---#000-0#lat-#
041 _alat
084 _aCO7
_b.I57 1670
100 1 _aR.P. Iosephi
_922493
245 1 0 _aR. P. Iosephi gibalin e societate iesvs theologi scientia canonica et hieropolitica
_bopus nouum, in tres tomos partitum...: tomvs primvs.
260 _aLvgdvni
_bSumptibus Laurentij Arnaud, & Petri borde
_c1670
300 _a547 p. (t.1)
_c36 x 23.5 cm
500 _aCvm approbat et privilegio
500 _aEstado físico: presenta encuadernación en pergamino con cintas
650 1 4 _aTeología
_ySiglo XVII
_922494
902 _aCFM
942 _2lcc
_cB
999 _c8763
_d8763